| 000 | 01484nam a2200361 a 4500 | ||
|---|---|---|---|
| 001 | ebr10001879 | ||
| 003 | CaPaEBR | ||
| 006 | m u | ||
| 007 | cr cn||||||||| | ||
| 008 | 010314s2001 enk sb 001 0 eng | ||
| 010 | _z 2001025772 | ||
| 020 | _z0521803578 (hardback) | ||
| 020 | _z052100621X (pbk.) | ||
| 040 |
_aCaPaEBR _cCaPaEBR |
||
| 035 | _a(OCoLC)56319589 | ||
| 050 | 1 | 4 |
_aPA6056 _b.F74 2001eb |
| 082 | 0 | 4 |
_a871/.0109 _221 |
| 100 | 1 |
_aFreudenburg, Kirk, _d1961- |
|
| 245 | 1 | 0 |
_aSatires of Rome _h[electronic resource] : _bthreatening poses from Lucilius to Juvenal / _cKirk Freudenburg. |
| 260 |
_aCambridge ; _aNew York : _bCambridge University Press, _c2001. |
||
| 300 | _axviii, 289 p. | ||
| 504 | _aIncludes bibliographical references (p. 278-284) and index. | ||
| 533 |
_aElectronic reproduction. _bPalo Alto, Calif. : _cebrary, _d2013. _nAvailable via World Wide Web. _nAccess may be limited to ebrary affiliated libraries. |
||
| 600 | 1 | 0 |
_aLucilius, Gaius, _dca. 180-ca. 102 B.C. _tSaturae. |
| 600 | 0 | 0 |
_aPersius _xCriticism and interpretation. |
| 600 | 0 | 0 |
_aJuvenal _xCriticism and interpretation. |
| 600 | 0 | 0 |
_aHorace _xCriticism and interpretation. |
| 650 | 0 |
_aVerse satire, Latin _xHistory and criticism. |
|
| 651 | 0 |
_aRome _xIn literature. |
|
| 655 | 7 |
_aElectronic books. _2local |
|
| 710 | 2 | _aebrary, Inc. | |
| 856 | 4 | 0 |
_uhttp://site.ebrary.com/lib/rucke/Doc?id=10001879 _zAn electronic book accessible through the World Wide Web; click to view |
| 999 |
_c4809 _d4809 |
||